000 00450nam a2200169Ia 4500
008 221030s9999 xx 000 0 und d
020 _a8175152575
041 _aEnglish
082 _a105.23
_bHor
100 _aE. Horowitz ( PR )
245 0 _aFundamentals of Computer Algorithms ( PR )
_cby E. Horowitz ( PR ), S. Sahni
260 _bGalgotia Pub
_aNew Delhi
_c2006
300 _a769
650 _aBE Computer
700 _aS. Sahni
942 _cBK
999 _c3573
_d3573